00494nam a22001692 4500001001100000005001700011008004100028020001700069040001500086100003100101245008000132250001300212260003400225300001600259650004600275852000300321000002358420151217152244.0130301s xx 000 0 eng d a0521764650 : aKABUcKABU1 aTse, Yiu-Kuen.@000018306310aNonlife actuarial models :btheory, methods and evaluation /cYiu-Kuen Tse. a1st ed. aCambridge :bC. U. P.,c2009. axv, 524 p. 0aActuarial sciencexTextbooks.@00001830641